[Event "Guillermo Garcia Memorial op"]
[Site "Santa Clara"]
[Date "2022.05.06"]
[Round "6"]
[White "Lavigne Lopez, Raul Leonardo"]
[Black "Cabrera Gonzalez, Maximo Ariel"]
[Result "1/2-1/2"]
[WhiteElo "2188"]
[BlackElo "2250"]
[PlyCount "147"]
[EventDate "2022.04.30"]
[EventType "swiss"]
[EventRounds "9"]
[EventCountry "CUB"]
[SourceTitle "CBM 208 Extra"]
[Source "ChessBase"]
[SourceDate "2022.07.31"]
[SourceVersion "1"]
[SourceVersionDate "2022.07.31"]
[SourceQuality "1"]

1. Nf3 d5 2. g3 Nf6 3. Bg2 c6 4. b3 Bf5 5. Bb2 e6 6. d3 Be7 7. Nbd2 0-0 8. 0-0 h6 9. Qe1 Bh7 10. e4 dxe4 11. dxe4 Nbd7 12. Qe2 Qc7 13. Nd4 Rad8 14. f4 e5 15. Nf5 Bc5+ 16. Kh1 Bxf5 17. exf5 Rfe8 18. fxe5 Nxe5 19. Ne4 Nxe4 20. Bxe4 f6 21. Rad1 Nf7 22. Qg4 Rxd1 23. Rxd1 Qe7 24. Bd3 Kf8 25. Kg2 Qe3 26. Qf3 Qxf3+ 27. Kxf3 b5 28. h4 Re3+ 29. Kf4 Re7 30. g4 a5 31. Be4 Rc7 32. a4 Bd6+ 33. Kf3 Be5 34. Bc1 Nd6 35. Be3 bxa4 36. bxa4 Nxe4 37. Kxe4 Rb7 38. Bc5+ Ke8 39. g5 Rb2 40. g6 Rxc2 41. Bb6 Rc4+ 42. Ke3 Ke7 43. Bd8+ Ke8 44. Bb6 Rb4 45. Bxa5 Rxa4 46. Rd8+ Ke7 47. Ra8 Bd4+ 48. Kf3 Bb6 49. Rg8 Rxa5 50. Rxg7+ Kd6 51. Kg4 Ra4+ 52. Kf3 Ke5 53. Rh7 Kxf5 54. Rxh6 Rf4+ 55. Ke2 Rg4 56. h5 Bc5 57. Rh8 Rg5 58. Re8 Rxh5 59. g7 Rg5 60. g8Q Rxg8 61. Rxg8 Bd4 62. Kf3 c5 63. Re8 Be5 64. Rc8 Bd6 65. Re8 Be5 66. Rc8 Bd4 67. Re8 Kg5 68. Rg8+ Kf5 69. Re8 Kg6 70. Ke4 Kf7 71. Ra8 Ke7 72. Ra6 Kd7 73. Kd5 Kc7 74. Rxf6 1/2-1/2

[Event "Las Tunas Guerrero Memorial-B"]
[Site "Las Tunas"]
[Date "2020.02.17"]
[Round "3.2"]
[White "Lavigne Lopez, Raul Leonardo"]
[Black "Parra Gomez, Adrian"]
[Result "1/2-1/2"]
[WhiteElo "2206"]
[BlackElo "2208"]
[PlyCount "137"]
[EventDate "2020.02.16"]
[EventType "tourn"]
[EventRounds "10"]
[EventCountry "CUB"]
[SourceTitle "EXT 2023"]
[Source "ChessBase"]
[SourceDate "2022.10.05"]
[SourceVersion "1"]
[SourceVersionDate "2022.10.05"]
[SourceQuality "1"]

1. e4 c5 2. Nf3 d6 3. Nc3 Nf6 4. e5 dxe5 5. Nxe5 Nbd7 6. Bb5 a6 7. Bxd7+ Nxd7 8. Nc4 b5 9. Ne3 Bb7 10. 0-0 e6 11. a4 b4 12. Ne2 Bd6 13. d3 Qh4 14. f4 Bc7 15. Qe1 g5 16. Qg3 Rg8 17. Bd2 Qh5 18. Qf2 gxf4 19. Nxf4 Qh6 20. g3 0-0-0 21. Neg2 Ne5 22. Qxc5 Rg5 23. Qxb4 Nc6 24. Qc4 Bb6+ 25. Be3 Bxe3+ 26. Nxe3 Kb8 27. Nfg2 Nd4 28. Rxf7 Nc6 29. Qb3 Na5 30. Qb6 Rc8 31. b4 Rg7 32. Raf1 Rxf7 33. Rxf7 Qh5 34. Qd6+ Ka8 35. Qd7 Qe5 36. bxa5 Rb8 37. Qc7 Qd4 38. Qc4 Qa1+ 39. Rf1 Qe5 40. Qf4 Qc5 41. c4 e5 42. Qf2 Rd8 43. Nd5 Qxa5 44. Nge3 h5 45. Rb1 h4 46. Qf7 Rb8 47. gxh4 Qd2 48. Qg7 Qxd3 49. Rf1 Qd4 50. Rf8 Bxd5 51. Rxb8+ Kxb8 52. Qf8+ Ka7 53. Qf2 Bc6 54. Nd5 Bxa4 55. h5 Bc2 56. Qxd4+ exd4 57. Kf2 a5 58. Ke2 a4 59. Nb4 Be4 60. c5 a3 61. Kd2 Kb7 62. h6 Bh7 63. Kc1 d3 64. Kd2 Kc7 65. h4 Bg6 66. h5 Bh7 67. Kc3 Kd7 68. Nxd3 a2 69. Kb2 1/2-1/2

[Event "Adelquis Remon Memorial-D"]
[Site "Holguin"]
[Date "2018.12.03"]
[Round "7.1"]
[White "Lavigne Lopez, Raul Leonardo"]
[Black "Martinez Mulet, Dario Leonel"]
[Result "0-1"]
[WhiteElo "2109"]
[BlackElo "2037"]
[PlyCount "58"]
[EventDate "2018.11.30"]
[EventType "tourn"]
[EventRounds "10"]
[EventCountry "CUB"]
[SourceTitle "EXT 2023"]
[Source "ChessBase"]
[SourceDate "2022.10.05"]
[SourceVersion "1"]
[SourceVersionDate "2022.10.05"]
[SourceQuality "1"]

1. d4 d5 2. c4 c6 3. Nc3 Nf6 4. Nf3 e6 5. e3 Nbd7 6. Bd3 dxc4 7. Bxc4 b5 8. Bb3 Bb7 9. 0-0 b4 10. Ne2 c5 11. Nf4 Bd6 12. Ng5 Qe7 13. Re1 Ne4 14. Nxe4 Bxe4 15. f3 Bb7 16. Ba4 Rd8 17. a3 0-0 18. Bc2 e5 19. dxc5 Nxc5 20. Nd5 Bxd5 21. Qxd5 e4 22. Qh5 b3 23. Bxe4 Nxe4 24. fxe4 Qxe4 25. Qf3 Bxh2+ 26. Kf2 Qe5 27. e4 Rd6 28. g3 Bxg3+ 29. Qxg3 Rf6+ 0-1

[Event "Adelquis Remon Memorial-D"]
[Site "Holguin"]
[Date "2018.12.02"]
[Round "5.2"]
[White "Lavigne Lopez, Raul Leonardo"]
[Black "Cespedes Bejerano, Jose Angel"]
[Result "1-0"]
[WhiteElo "2109"]
[BlackElo "2084"]
[PlyCount "69"]
[EventDate "2018.11.30"]
[EventType "tourn"]
[EventRounds "10"]
[EventCountry "CUB"]
[SourceTitle "EXT 2023"]
[Source "ChessBase"]
[SourceDate "2022.10.05"]
[SourceVersion "1"]
[SourceVersionDate "2022.10.05"]
[SourceQuality "1"]

1. e4 e5 2. Nf3 Nf6 3. Nxe5 d6 4. Nf3 Nxe4 5. Nc3 Nxc3 6. dxc3 Be7 7. Be3 Nc6 8. Qd2 Be6 9. a3 h6 10. 0-0-0 a6 11. h3 Qd7 12. Nd4 Nxd4 13. Bxd4 Qa4 14. f4 Rg8 15. g4 c5 16. Be3 0-0-0 17. f5 Ba2 18. Qf2 Rge8 19. h4 Qa5 20. g5 hxg5 21. hxg5 d5 22. f6 gxf6 23. gxf6 Bd6 24. Bf4 Kc7 25. Rh7 Rf8 26. Bh6 Qa4 27. c4 d4 28. Bxf8 Rxf8 29. Qf5 Qa5 30. Rh4 b5 31. Qd5 Qb6 32. Bd3 bxc4 33. Bxc4 Bxc4 34. Qxc4 Qb5 35. Rhxd4 1-0

[Event "Adelquis Remon Memorial-D"]
[Site "Holguin"]
[Date "2018.11.30"]
[Round "2.1"]
[White "Martinez Mulet, Dario Leonel"]
[Black "Lavigne Lopez, Raul Leonardo"]
[Result "0-1"]
[WhiteElo "2037"]
[BlackElo "2109"]
[PlyCount "82"]
[EventDate "2018.11.30"]
[EventType "tourn"]
[EventRounds "10"]
[EventCountry "CUB"]
[SourceTitle "EXT 2023"]
[Source "ChessBase"]
[SourceDate "2022.10.05"]
[SourceVersion "1"]
[SourceVersionDate "2022.10.05"]
[SourceQuality "1"]

1. d4 Nf6 2. Nf3 e6 3. c4 b6 4. g3 Ba6 5. Qa4 Be7 6. Bg2 0-0 7. 0-0 Bb7 8. Rd1 d5 9. Ne5 c6 10. Nc3 Bd6 11. e4 dxe4 12. Nxe4 Nxe4 13. Bxe4 Qc7 14. Nd3 Nd7 15. Be3 Rfd8 16. c5 Be7 17. Rac1 b5 18. Qc2 Nf6 19. Bf3 a5 20. Ne5 Nd5 21. Bh5 g6 22. Bf3 Bf6 23. Ng4 Bg7 24. Bh6 Bh8 25. Bg5 Rd7 26. Nh6+ Kf8 27. Bxd5 Rxd5 28. Bf4 Qd8 29. Bd6+ Ke8 30. Qe4 Qg5 31. Bf4 Qh5 32. Be3 Bg7 33. Ng4 Rad8 34. h4 Kf8 35. Qf4 e5 36. Qg5 exd4 37. Qf4 dxe3 38. Rf1 Rd4 39. Qc7 Qxg4 40. Qxb7 exf2+ 41. Kg2 Be5 0-1

[Event "Santiago de Cuba Province-ch tt"]
[Site "Santiago de Cuba"]
[Date "2018.10.12"]
[Round "6.1"]
[White "Lavigne Lopez, Raul Leonardo"]
[Black "Melendez Padro, David"]
[Result "1-0"]
[WhiteElo "2109"]
[BlackElo "2168"]
[PlyCount "69"]
[EventDate "2018.10.09"]
[EventType "team-tourn"]
[EventRounds "10"]
[EventCountry "CUB"]
[SourceTitle "EXT 2021"]
[Source "ChessBase"]
[SourceDate "2020.10.23"]
[SourceVersion "1"]
[SourceVersionDate "2020.10.23"]
[SourceQuality "1"]

1. d4 Nf6 2. c4 g6 3. Nc3 Bg7 4. e4 d6 5. f4 0-0 6. Nf3 c5 7. d5 a6 8. Bd3 e6 9. dxe6 fxe6 10. 0-0 Nc6 11. Ng5 e5 12. f5 h6 13. Nh3 Nd4 14. Be3 Bd7 15. a4 Rb8 16. Kh1 Qe8 17. Ng1 gxf5 18. exf5 e4 19. Bc2 Nxc2 20. Qxc2 Ng4 21. Bf4 Bxf5 22. Bxd6 e3 23. Qe2 Nf2+ 24. Rxf2 exf2 25. Qxf2 Be5 26. Bxf8 Qxf8 27. Nd5 Kg7 28. Re1 Bd6 29. Re3 Bg6 30. Rf3 Qe8 31. Ne2 Qxa4 32. Rf6 Qd1+ 33. Ng1 Rf8 34. Rxf8 Bxf8 35. Qf6+ 1-0

[Event "Santiago de Cuba Province-ch final"]
[Site "Santiago de Cuba"]
[Date "2018.09.30"]
[Round "8"]
[White "Lavigne Lopez, Raul Leonardo"]
[Black "Cespedes Bejerano, Jose Angel"]
[Result "1/2-1/2"]
[WhiteElo "2109"]
[BlackElo "2080"]
[PlyCount "58"]
[EventDate "2018.09.26"]
[EventType "swiss"]
[EventRounds "9"]
[EventCountry "CUB"]
[SourceTitle "EXT 2021"]
[Source "ChessBase"]
[SourceDate "2020.10.23"]
[SourceVersion "1"]
[SourceVersionDate "2020.10.23"]
[SourceQuality "1"]

1. d4 Nf6 2. c4 e6 3. Nc3 d5 4. Bg5 Be7 5. e3 0-0 6. Nf3 Nbd7 7. Rc1 c6 8. Bd3 dxc4 9. Bxc4 Nd5 10. Bxe7 Qxe7 11. 0-0 Nxc3 12. Rxc3 e5 13. d5 e4 14. Nd2 cxd5 15. Bxd5 Nf6 16. Bc4 Bd7 17. a4 a6 18. a5 Rad8 19. Qc2 Bc6 20. Ra1 Qd6 21. Nf1 Rc8 22. Qb3 Qe5 23. h3 h5 24. Ng3 h4 25. Ne2 g5 26. Rcc1 Kg7 27. Rd1 Bd7 28. Rac1 Qxa5 29. Qxb7 Rb8 1/2-1/2

[Event "Santiago de Cuba Province-ch Mix2"]
[Site "Santiago de Cuba"]
[Date "2018.09.23"]
[Round "8"]
[White "Suarez Castro, Armando"]
[Black "Lavigne Lopez, Raul Leonardo"]
[Result "0-1"]
[WhiteElo "2083"]
[BlackElo "2109"]
[PlyCount "104"]
[EventDate "2018.09.19"]
[EventType "tourn"]
[EventRounds "10"]
[EventCountry "CUB"]
[SourceTitle "EXT 2021"]
[Source "ChessBase"]
[SourceDate "2020.10.23"]
[SourceVersion "1"]
[SourceVersionDate "2020.10.23"]
[SourceQuality "1"]

1. c4 e5 2. Nc3 Nc6 3. g3 g6 4. Bg2 Bg7 5. e3 d6 6. Nge2 Be6 7. Nd5 Qd7 8. 0-0 Nf6 9. Nec3 0-0 10. Rb1 Ne8 11. b4 Nd8 12. e4 c6 13. Ne3 Bh3 14. d3 Bxg2 15. Nxg2 Ne6 16. Ne2 d5 17. f4 exf4 18. exd5 cxd5 19. Ngxf4 N8c7 20. c5 d4 21. a4 b6 22. cxb6 axb6 23. b5 Nd5 24. Nxd5 Qxd5 25. Ba3 Rfc8 26. Bb4 Bh6 27. Nf4 Nxf4 28. gxf4 Qf5 29. Bd6 Rc3 30. Rb3 Qe6 31. Rxc3 Qe3+ 32. Kg2 dxc3 33. Qf3 Qxf3+ 34. Kxf3 Rxa4 35. Rc1 Bg7 36. Be5 Ra3 37. Bxg7 Kxg7 38. Ke4 Rb3 39. Kd4 Rxb5 40. Rxc3 Rb2 41. Rc6 Rxh2 42. Rxb6 Re2 43. Kc5 h5 44. d4 h4 45. Rb3 f6 46. d5 Rd2 47. f5 g5 48. d6 Kh6 49. Kc6 g4 50. d7 g3 51. Kc7 g2 52. Rb1 h3 0-1

[Event "Santiago de Cuba Province-ch Mix2"]
[Site "Santiago de Cuba"]
[Date "2018.09.20"]
[Round "3"]
[White "Lavigne Lopez, Raul Leonardo"]
[Black "Suarez Castro, Armando"]
[Result "1/2-1/2"]
[WhiteElo "2109"]
[BlackElo "2083"]
[PlyCount "32"]
[EventDate "2018.09.19"]
[EventType "tourn"]
[EventRounds "10"]
[EventCountry "CUB"]
[SourceTitle "EXT 2021"]
[Source "ChessBase"]
[SourceDate "2020.10.23"]
[SourceVersion "1"]
[SourceVersionDate "2020.10.23"]
[SourceQuality "1"]

1. d4 d5 2. c4 e6 3. Nf3 Nf6 4. Bg5 Be7 5. e3 0-0 6. Nc3 c6 7. Rc1 Ne4 8. Bxe7 Qxe7 9. Bd3 Nxc3 10. Rxc3 Nd7 11. 0-0 e5 12. dxe5 Nxe5 13. cxd5 cxd5 14. Nxe5 Qxe5 15. Bc2 Bf5 16. Bxf5 Qxf5 1/2-1/2

[Event "Villa Santiago op"]
[Site "Santiago de Cuba"]
[Date "2018.08.14"]
[Round "7"]
[White "Venzant Batista, Marcia Camila"]
[Black "Lavigne Lopez, Raul Leonardo"]
[Result "1/2-1/2"]
[WhiteElo "1914"]
[BlackElo "2112"]
[PlyCount "23"]
[EventDate "2018.08.08"]
[EventType "swiss"]
[EventRounds "7"]
[EventCountry "CUB"]
[SourceTitle "EXT 2021"]
[Source "ChessBase"]
[SourceDate "2020.10.23"]
[SourceVersion "1"]
[SourceVersionDate "2020.10.23"]
[SourceQuality "1"]

1. d4 d5 2. c4 c6 3. Nf3 Nf6 4. e3 e6 5. Bd3 Bd6 6. 0-0 0-0 7. Nc3 Nbd7 8. cxd5 exd5 9. e4 dxe4 10. Nxe4 Nxe4 11. Bxe4 Nf6 12. Bc2 1/2-1/2

[Event "Capablanca Memorial op 53rd"]
[Site "Havana"]
[Date "2018.05.13"]
[Round "5"]
[White "Garcia Garcia, Alejandro"]
[Black "Lavigne Lopez, Raul Leonardo"]
[Result "1-0"]
[WhiteElo "2328"]
[BlackElo "2144"]
[PlyCount "93"]
[EventDate "2018.05.09"]
[EventType "swiss"]
[EventRounds "10"]
[EventCountry "CUB"]
[SourceTitle "EXT 2021"]
[Source "ChessBase"]
[SourceDate "2020.10.23"]
[SourceVersion "1"]
[SourceVersionDate "2020.10.23"]
[SourceQuality "1"]

1. Nf3 Nf6 2. g3 e6 3. Bg2 d5 4. 0-0 c5 5. c4 Nc6 6. d4 Be7 7. cxd5 Nxd5 8. dxc5 Bxc5 9. a3 0-0 10. Qc2 Be7 11. e4 Nf6 12. e5 Nd5 13. Rd1 Bd7 14. Nc3 Nxc3 15. Qxc3 Qc7 16. Bg5 Rac8 17. Rac1 Bxg5 18. Nxg5 Rfd8 19. Ne4 Be8 20. Nd6 Rb8 21. b4 a6 22. Qe3 Qe7 23. f4 f6 24. Rd2 fxe5 25. fxe5 Bg6 26. Bxc6 bxc6 27. Rxc6 Rf8 28. Rxa6 Qc7 29. Qc5 Qd8 30. h4 Rf3 31. Kg2 Bh5 32. Ne4 Qe8 33. Ng5 Rf8 34. Nxe6 Qg6 35. Qc4 Bf3+ 36. Kh2 Qb1 37. Ng5+ Kh8 38. Nxf3 Rxf3 39. Qe2 Rf1 40. Qg2 Re8 41. Ra8 Rff8 42. Rxe8 Rxe8 43. Qc6 Rf8 44. Qf3 Rc8 45. e6 Qc1 46. Re2 h6 47. e7 1-0

[Event "Capablanca Memorial op 53rd"]
[Site "Havana"]
[Date "2018.05.11"]
[Round "3"]
[White "Herrera, Juan Sebastian"]
[Black "Lavigne Lopez, Raul Leonardo"]
[Result "1-0"]
[WhiteElo "2322"]
[BlackElo "2144"]
[PlyCount "161"]
[EventDate "2018.05.09"]
[EventType "swiss"]
[EventRounds "10"]
[EventCountry "CUB"]
[SourceTitle "EXT 2019"]
[Source "ChessBase"]
[SourceDate "2018.10.10"]
[SourceVersion "1"]
[SourceVersionDate "2018.10.10"]
[SourceQuality "1"]

1. d4 e6 2. c4 Nf6 3. Nc3 Bb4 4. f3 d5 5. a3 Bxc3+ 6. bxc3 0-0 7. e3 c5 8. cxd5 exd5 9. Bd3 b6 10. Ne2 Ba6 11. 0-0 Bxd3 12. Qxd3 Nc6 13. e4 Qd7 14. Bg5 c4 15. Qc2 Ne8 16. Rae1 b5 17. Ng3 a5 18. Nf5 Nc7 19. e5 b4 20. Nxg7 Kxg7 21. Bf6+ Kg8 22. f4 Ne7 23. Re3 Ng6 24. f5 Ra6 25. Rg3 b3 26. Qb1 Ne8 27. Bg5 Ng7 28. h4 Rb6 29. Bh6 Re8 30. Bxg7 Kxg7 31. e6 Qd6 32. Rg4 b2 33. exf7 Rf8 34. fxg6 h6 35. Qf5 Qe6 36. Qxe6 Rxe6 37. h5 Rb8 38. Kh2 b1Q 39. f8Q+ Rxf8 40. Rxb1 Rf5 41. Rb7+ Kg8 42. g7 Rxh5+ 43. Kg3 Re3+ 44. Kf2 Re8 45. Rg6 Rf5+ 46. Kg3 Rg5+ 47. Rxg5 hxg5 48. Kg4 Re3 49. Kxg5 Rxc3 50. Kh6 Rb3 51. Rc7 Rb6+ 52. Kg5 a4 53. Kf5 Rb3 54. Kf6 Rb6+ 55. Ke5 Rb3 56. Kxd5 c3 57. Ke6 Rb6+ 58. Ke5 Rb2 59. Rxc3 Kxg7 60. Rc4 Rxg2 61. Rxa4 Kf7 62. d5 Ke7 63. Ra7+ Kd8 64. Kd6 Rg6+ 65. Kc5 Rg1 66. Kc6 Rc1+ 67. Kd6 Kc8 68. a4 Ra1 69. Ra5 Kb7 70. Kd7 Kb6 71. Rb5+ Ka6 72. Rb4 Ka5 73. Rb8 Rd1 74. d6 Kxa4 75. Kc7 Rc1+ 76. Kd8 Ka5 77. d7 Ka6 78. Ke7 Re1+ 79. Kf6 Rf1+ 80. Ke5 Re1+ 81. Kf4 1-0